Statistiques concernant Îles des Philippines

Cliquez ici pour prendre le quiz!

Statistiques générales

  • Ce quiz a été pris 24 fois
  • Le résultat moyen est 4 sur 11

Statistiques - réponses

SuperficiesÎles% Correct
12 189,00Palawan
87%
4 943,72Cebu
65%
104 688,00Luçon
65%
97 530,00Mindanao
65%
4 117,30Bohol
39%
13 328,40Negros
30%
9 735,00Mindoro
22%
7 368,00Leyte
17%
3 290,00Masbate
17%
11 515,00Panay
17%
13 080,00Samar
17%

Distribution des résultats

Percentile par nombre de réponses

% des personnes avec chaque résultat

Votre développement - résultats

Vous n’avez pas pris ce quiz